000 00966nam a2200325 i 4500
003 DO-SdBNP
005 20230525152352.0
007 ta
008 230525b1977 sp ||||| |||| 00| 0 spa d
040 _aDO-SdBNP
_erda
_bspa
_cBNPHU
049 _aBNGR
082 4 _a862.6
_bV181d, 1977
_222
100 1 _aValle-Inclán, Ramón del,
_d1866-1936.
_93325
_erda
245 1 0 _aDivinas palabras :
_btragicomedia de aldea /
_cRamón del Valle-Inclán.
250 _a8a ed.
264 _aMadrid :
_bEspasa-Calpe,
_c1977.
300 _a135 páginas ;
_c18 cm.
336 _2rdacontent
_atexto
_btxt
337 _2rdamedia
_asin mediación
_bn
338 _2rdacarrier
_avolumen
_bnc
490 _aAustral
_v1320
500 _aIncluye índice de autores
590 _aInventariado, 2023/BT
650 4 _aTeatro español
_93071
650 4 _aComedia española
_93085
650 4 _aLiteratura española
_9632
830 _939559
910 _aBtavárez
942 _2ddc
_cLBS1
999 _c53616
_d53616